<?xml version="1.0" encoding="UTF-8"?>
<record
    xmlns:xsi="http://www.w3.org/2001/XMLSchema-instance"
    xsi:schemaLocation="http://www.loc.gov/MARC21/slim http://www.loc.gov/standards/marcxml/schema/MARC21slim.xsd"
    xmlns="http://www.loc.gov/MARC21/slim">

  <leader>00910nam a2200229 a 4500</leader>
  <controlfield tag="001">39480</controlfield>
  <controlfield tag="003">BD-RjUL</controlfield>
  <controlfield tag="005">20211209053011.0</controlfield>
  <controlfield tag="008">160411b2014    bg o|||| |||| 00| 0 ben d</controlfield>
  <datafield tag="020" ind1=" " ind2=" ">
    <subfield code="a">9789848934654</subfield>
    <subfield code="c">: Tk.500.00</subfield>
  </datafield>
  <datafield tag="035" ind1=" " ind2=" ">
    <subfield code="a">(BD-RjUL)39593</subfield>
  </datafield>
  <datafield tag="040" ind1=" " ind2=" ">
    <subfield code="a">BD-RjUL</subfield>
    <subfield code="b">ben</subfield>
    <subfield code="c">BD-RjUL</subfield>
  </datafield>
  <datafield tag="041" ind1=" " ind2=" ">
    <subfield code="a">ben</subfield>
  </datafield>
  <datafield tag="082" ind1=" " ind2=" ">
    <subfield code="2">23</subfield>
    <subfield code="a">615.538</subfield>
    <subfield code="b">PAA 2014</subfield>
  </datafield>
  <datafield tag="100" ind1=" " ind2=" ">
    <subfield code="a">&#x9AA;&#x9BE;&#x9B2;, &#x9A8;&#x9BF;&#x9B6;&#x9C0;&#x9A5; &#x995;&#x9C1;&#x9AE;&#x9BE;&#x9B0;.</subfield>
    <subfield code="9">121656</subfield>
  </datafield>
  <datafield tag="245" ind1=" " ind2=" ">
    <subfield code="a">&#x986;&#x9A7;&#x9C1;&#x9A8;&#x9BF;&#x995; &#x986;&#x9AF;&#x9BC;&#x9C1;&#x9B0;&#x9CD;&#x9AC;&#x9C7;&#x9A6;&#x9C0;&#x9AF;&#x9BC; &#x99A;&#x9BF;&#x995;&#x9BF;&#x9CE;&#x9B8;&#x9BE; &#x993; &#x9AD;&#x9C7;&#x9B7;&#x99C; &#x989;&#x9A6;&#x9CD;&#x9AD;&#x9BF;&#x9A6; /</subfield>
    <subfield code="c">&#x9A8;&#x9BF;&#x9B6;&#x9C0;&#x9A5; &#x995;&#x9C1;&#x9AE;&#x9BE;&#x9B0; &#x9AA;&#x9BE;&#x9B2;</subfield>
  </datafield>
  <datafield tag="260" ind1=" " ind2=" ">
    <subfield code="a">&#x9A2;&#x9BE;&#x995;&#x9BE; :</subfield>
    <subfield code="b">&#x986;&#x9B2;&#x9C7;&#x9AF;&#x9BC;&#x9BE; &#x9AC;&#x9C1;&#x995; &#x9A1;&#x9BF;&#x9AA;&#x9CB;,</subfield>
    <subfield code="c">&#x9E8;&#x9E6;&#x9E7;&#x9EA;.</subfield>
  </datafield>
  <datafield tag="300" ind1=" " ind2=" ">
    <subfield code="a">&#x9EA;&#x9E9;&#x9E7; &#x9AA;&#x9C3;. :</subfield>
    <subfield code="b">&#x99A;&#x9BF;&#x9A4;&#x9CD;&#x9B0; ;</subfield>
    <subfield code="c">&#x9E8;&#x9E8; &#x9B8;&#x9C7;&#x9AE;&#x9BF;.</subfield>
  </datafield>
  <datafield tag="650" ind1=" " ind2=" ">
    <subfield code="a">&#x986;&#x9AF;&#x9BC;&#x9C1;&#x9B0;&#x9CD;&#x9AC;&#x9C7;&#x9A6;&#x9C0;&#x9AF;&#x9BC; &#x99A;&#x9BF;&#x995;&#x9BF;&#x9CE;&#x9B8;&#x9BE;</subfield>
    <subfield code="9">121657</subfield>
  </datafield>
  <datafield tag="650" ind1=" " ind2=" ">
    <subfield code="a">Medicine, Ayurvedic.</subfield>
    <subfield code="9">121478</subfield>
  </datafield>
  <datafield tag="942" ind1=" " ind2=" ">
    <subfield code="2">ddc</subfield>
    <subfield code="c">BK</subfield>
    <subfield code="0">5</subfield>
  </datafield>
  <datafield tag="999" ind1=" " ind2=" ">
    <subfield code="c">39480</subfield>
    <subfield code="d">39480</subfield>
  </datafield>
  <datafield tag="952" ind1=" " ind2=" ">
    <subfield code="0">0</subfield>
    <subfield code="1">0</subfield>
    <subfield code="2">ddc</subfield>
    <subfield code="4">0</subfield>
    <subfield code="7">1</subfield>
    <subfield code="8">NFIC</subfield>
    <subfield code="a">RUCL</subfield>
    <subfield code="b">RUCL</subfield>
    <subfield code="c">Reading</subfield>
    <subfield code="d">2014-03-29</subfield>
    <subfield code="e">Botany Depertment R.U</subfield>
    <subfield code="g">500.00</subfield>
    <subfield code="l">0</subfield>
    <subfield code="o">B 615.538 PAA 2014</subfield>
    <subfield code="r">2016-04-11 00:00:00</subfield>
    <subfield code="t">C-1</subfield>
    <subfield code="w">2021-12-09</subfield>
    <subfield code="y">BK</subfield>
  </datafield>
  <datafield tag="952" ind1=" " ind2=" ">
    <subfield code="0">0</subfield>
    <subfield code="1">0</subfield>
    <subfield code="2">ddc</subfield>
    <subfield code="4">0</subfield>
    <subfield code="7">0</subfield>
    <subfield code="8">NFIC</subfield>
    <subfield code="a">RUCL</subfield>
    <subfield code="b">RUCL</subfield>
    <subfield code="c">Stack</subfield>
    <subfield code="d">2014-03-29</subfield>
    <subfield code="e">Botany Depertment R.U</subfield>
    <subfield code="g">500.00</subfield>
    <subfield code="l">0</subfield>
    <subfield code="o">B 615.538 PAA 2014</subfield>
    <subfield code="r">2016-04-11 00:00:00</subfield>
    <subfield code="t">C-2</subfield>
    <subfield code="w">2021-12-09</subfield>
    <subfield code="y">BK</subfield>
  </datafield>
  <datafield tag="952" ind1=" " ind2=" ">
    <subfield code="0">0</subfield>
    <subfield code="1">0</subfield>
    <subfield code="2">ddc</subfield>
    <subfield code="4">0</subfield>
    <subfield code="7">0</subfield>
    <subfield code="8">NFIC</subfield>
    <subfield code="a">RUCL</subfield>
    <subfield code="b">RUCL</subfield>
    <subfield code="c">Stack</subfield>
    <subfield code="d">2014-03-29</subfield>
    <subfield code="e">Botany Depertment R.U</subfield>
    <subfield code="g">500.00</subfield>
    <subfield code="l">2</subfield>
    <subfield code="o">B 615.538 PAA 2014</subfield>
    <subfield code="r">2016-08-14 00:00:00</subfield>
    <subfield code="s">2016-07-24</subfield>
    <subfield code="t">C-3</subfield>
    <subfield code="w">2021-12-09</subfield>
    <subfield code="y">BK</subfield>
  </datafield>
  <datafield tag="952" ind1=" " ind2=" ">
    <subfield code="0">0</subfield>
    <subfield code="1">0</subfield>
    <subfield code="2">ddc</subfield>
    <subfield code="4">0</subfield>
    <subfield code="7">0</subfield>
    <subfield code="8">NFIC</subfield>
    <subfield code="a">RUCL</subfield>
    <subfield code="b">RUCL</subfield>
    <subfield code="c">Stack</subfield>
    <subfield code="d">2014-03-29</subfield>
    <subfield code="e">Botany Depertment R.U</subfield>
    <subfield code="g">500.00</subfield>
    <subfield code="l">1</subfield>
    <subfield code="o">B 615.538 PAA 2014</subfield>
    <subfield code="r">2022-11-16 00:00:00</subfield>
    <subfield code="s">2022-11-06</subfield>
    <subfield code="t">C-4</subfield>
    <subfield code="w">2021-12-09</subfield>
    <subfield code="y">BK</subfield>
  </datafield>
  <datafield tag="952" ind1=" " ind2=" ">
    <subfield code="0">0</subfield>
    <subfield code="1">0</subfield>
    <subfield code="2">ddc</subfield>
    <subfield code="4">0</subfield>
    <subfield code="7">0</subfield>
    <subfield code="8">NFIC</subfield>
    <subfield code="a">RUCL</subfield>
    <subfield code="b">RUCL</subfield>
    <subfield code="c">Stack</subfield>
    <subfield code="d">2014-03-29</subfield>
    <subfield code="e">Botany Depertment R.U</subfield>
    <subfield code="g">500.00</subfield>
    <subfield code="l">4</subfield>
    <subfield code="o">B 615.538 PAA 2014</subfield>
    <subfield code="r">2017-07-01 00:00:00</subfield>
    <subfield code="s">2017-06-05</subfield>
    <subfield code="t">C-5</subfield>
    <subfield code="w">2021-12-09</subfield>
    <subfield code="y">BK</subfield>
  </datafield>
</record>
